HUMAN ANATOMY; HEAD AND NECK VOL. 3 (Record no. 33135)

MARC details
000 -LEADER
fixed length control field 00344nam a22001577a 4500
003 - CONTROL NUMBER IDENTIFIER
control field SGT
020 ## - INTERNATIONAL STANDARD BOOK NUMBER
International Standard Book Number 9789354669439
082 ## - DEWEY DECIMAL CLASSIFICATION NUMBER
Classification number 611
Item number H25C
100 ## - MAIN ENTRY--PERSONAL NAME
Personal name CHAURASIA, BD
245 ## - TITLE STATEMENT
Title HUMAN ANATOMY; HEAD AND NECK VOL. 3
250 ## - EDITION STATEMENT
Edition statement 10TH
260 ## - PUBLICATION, DISTRIBUTION, ETC. (IMPRINT)
Place of publication, distribution, etc INDIA
Name of publisher, distributor, etc CBS PUB
Year of Publication 2025
300 ## - PAGE DESCRIPTION
No. of Pages 322
650 ## - SUBJECT ADDED ENTRY--TOPICAL TERM
Topical term or geographic name as entry element HUMAN ANATOMY
942 ## - ADDED ENTRY ELEMENTS (KOHA)
Source of classification or shelving scheme Dewey Decimal Classification
Koha item type Books
Holdings
Withdrawn status Lost status Source of classification or shelving scheme Damaged status Not for loan Collection code Home library Current library Shelving location Date acquired Vendor Name Cost, normal purchase price Volume Information (Serial or Books or Non-Book Material) SGTU Bill Number Full call number Accession No. (Barcode) Date last seen Bill Date Koha item type Total Checkouts Date last borrowed Checked out
    Dewey Decimal Classification   Not For Loan MEDICAL SGT Medical Library SGT Medical Library Reference Book 06/10/2025 BRIJWASI BOOK DISTRIBUTORS DELHI 1195.00 VOLUME-III SGTU BW/000271 611 H25C FM15561 04/11/2025 06/10/2025 Books      
    Dewey Decimal Classification     MEDICAL SGT Medical Library SGT Medical Library Text Book 06/10/2025 BRIJWASI BOOK DISTRIBUTORS DELHI 1195.00 VOLUME-III SGTU BW/000271 611 H25C FM15562 01/06/2026 06/10/2025 Books 9 18/05/2026  
    Dewey Decimal Classification     MEDICAL SGT Medical Library SGT Medical Library Text Book 06/10/2025 BRIJWASI BOOK DISTRIBUTORS DELHI 1195.00 VOLUME-III SGTU BW/000271 611 H25C FM15563 20/05/2026 06/10/2025 Books 2 18/05/2026  
    Dewey Decimal Classification     MEDICAL SGT Medical Library SGT Medical Library Text Book 06/10/2025 BRIJWASI BOOK DISTRIBUTORS DELHI 1195.00 VOLUME-III SGTU BW/000271 611 H25C FM15564 25/05/2026 06/10/2025 Books 5 25/05/2026 08/06/2026
    Dewey Decimal Classification     MEDICAL SGT Medical Library SGT Medical Library Text Book 06/10/2025 BRIJWASI BOOK DISTRIBUTORS DELHI 1195.00 VOLUME-III SGTU BW/000271 611 H25C FM15565 29/05/2026 06/10/2025 Books 5 16/05/2026